Shipbuilder /

This film recreates the true story of Tom Sukanen, an eccentric Finnish immigrant who homesteaded in Saskatchewan in the 1920s and 1930s. Sukanen spent ten years building and moving overland a huge iron ship that was to carry him back to his native Finland. The ship never reached water.

Bibliographic Details
Corporate Author: National Film Board of Canada
Other Authors: Surjik, Stephen (Director), Konowal, Charles (Producer), Gunnars, Kristjana, 1948- (Narrator)
Format: Video
Language:English
Language Notes:In English.
Published: Montreal, QC : National Film Board of Canada, 1985.
Series:VAST: academic video online
Subjects:
Online Access:Connect to this streaming video (Alexander Street Press)

MARC

Tag First Indicator Second Indicator Subfields
LEADER 00000cgm a2200000 a 4500
001 in00005573321
006 m o c
007 cr |n||||||||a
007 vz |za|z|
008 141125s1985 quc007 e o vueng d
005 20241201232121.7
035 |a (OCoLC)ocn900743913 
040 |a ALSTP  |b eng  |e pn  |c ALSTP  |d OCLCO  |d OCLCQ  |d OCLCF  |d WYU  |d UWO  |d S9I  |d CAUOI  |d OCLCO  |d UPM  |d OCLCO  |d OCLCQ  |d OCLCO  |d OCLCL  |d OCLCQ  |d DXU  |d OCLCO  |d OCLCQ 
019 |a 1373420386  |a 1443953567 
035 |a (OCoLC)900743913  |z (OCoLC)1373420386  |z (OCoLC)1443953567 
043 |a n-cn-sn 
049 |a TXAM 
245 0 0 |a Shipbuilder /  |c directed by Stephen Surjik. 
260 |a Montreal, QC :  |b National Film Board of Canada,  |c 1985. 
300 |a 1 online resource (7 min.) 
306 |a 000609 
336 |a two-dimensional moving image  |b tdi  |2 rdacontent 
337 |a computer  |b c  |2 rdamedia 
338 |a online resource  |b cr  |2 rdacarrier 
347 |a streaming video file  |2 rda 
380 |a Videorecording 
490 0 |a VAST: academic video online 
500 |a Title from resource description page (viewed November 25, 2014). 
520 |a This film recreates the true story of Tom Sukanen, an eccentric Finnish immigrant who homesteaded in Saskatchewan in the 1920s and 1930s. Sukanen spent ten years building and moving overland a huge iron ship that was to carry him back to his native Finland. The ship never reached water. 
546 |a In English. 
508 |a Director, Stephen Surjik ; producer/cinematography, Charles Konowal ; script, Ken Mitchell ; editing, Norm Sawchyn ; sound editing, Carol Wenaus ; re-recording, Jean-Pierre Joutel ; narrator, Kristjana Gunnars ; music, Marcelle Nokony, Greg Zuck ; cast, Sasha Konowal, Galen Wahlmeier. 
600 1 0 |a Sukanen, Tom. 
650 0 |a Shipbuilding. 
651 0 |a Saskatchewan  |x History. 
650 6 |a Construction navale. 
650 7 |a Shipbuilding  |2 fast 
651 7 |a Saskatchewan  |2 fast  |1 https://id.oclc.org/worldcat/entity/E39QbtfRxqdCdvyKDDMfkJTvdp 
655 7 |a documentary film.  |2 aat 
655 7 |a Documentary films  |2 fast 
655 7 |a History  |2 fast 
655 7 |a Documentary films.  |2 lcgft 
655 7 |a Documentaires.  |2 rvmgf 
700 1 |a Surjik, Stephen.  |4 drt 
700 1 |a Konowal, Charles.  |4 pro 
700 1 |a Gunnars, Kristjana,  |d 1948-  |4 nrt  |1 https://id.oclc.org/worldcat/entity/E39PBJyhc9dCqqRJtFxrYvBByd 
710 2 |a National Film Board of Canada. 
758 |i has work:  |a Shipbuilder (MovingImage)  |1 https://id.oclc.org/worldcat/entity/E39PCFB6pdVXJrgXKBTbWbwjYP  |4 https://id.oclc.org/worldcat/ontology/hasWork 
856 4 0 |u http://proxy.library.tamu.edu/login?url=https://www.aspresolver.com/aspresolver.asp?AVN2;2281048  |z Connect to this streaming video (Alexander Street Press)  |t 0 
955 |a Alexander Street Press subscription streaming video 
994 |a 92  |b TXA 
999 f f |s dacddbd6-759d-49e9-9f1b-93e9b9c62a25  |i 31d1bb51-4de1-498d-b536-cf54b6db71cd  |t 0 
952 f f |a Texas A&M University  |b College Station  |c Electronic Resources  |d Available Online  |t 0  |h Library of Congress classification 
998 f f |t 0  |l Available Online